000 00357nam a2200133Ia 4500
008 230411s9999 xx 000 0 und d
041 _aeng
082 _aPS/610.7365/GUP/B07715
100 _aGupta Ram
245 _aExamination Master in Mental Health Nursing
260 _bS Vikas and Co
_aJalandhar
_c2012
300 _a264p
999 _c157806
_d157806